000 00371nam a22001337a 4500
008 230623b xxu||||| |||| 00| 0 eng d
020 _a9966900861
082 _a330
_bOUS 1996
245 _aConsequences and Limitations of Recent Fiscal Policy in Cote D'ivoire
260 _bAfrican Economic Research Consortium
_c1996
300 _a34p
440 _n51
942 _2ddc
_cBK
999 _c2394
_d2394